ՀՀ Գիտությունների ազգային ակադեմիայի հիմնարար գիտական գրադարան  =   Fundamental Scientific Library of NAS RA

Ռազմական գաղտնիք : (Record no. 83747)

MARC details
000 -LEADER
fixed length control field 00815nam a2200205 u 4500
001 - CONTROL NUMBER
control field 000236762
003 - CONTROL NUMBER IDENTIFIER
control field AM-YeHGA
005 - DATE AND TIME OF LATEST TRANSACTION
control field 20250618071609.0
008 - FIXED-LENGTH DATA ELEMENTS--GENERAL INFORMATION
fixed length control field 030619s1948 ai r 000 0 arm d
040 ## - CATALOGING SOURCE
Original cataloging agency AM-YeHGA
090 ## - LOCALLY ASSIGNED LC-TYPE CALL NUMBER (OCLC); LOCAL CALL NUMBER (RLIN)
-- 85022
100 1# - MAIN ENTRY--PERSONAL NAME
Personal name Հայդար, Արկադի.
245 10 - TITLE STATEMENT
Title Ռազմական գաղտնիք :
Remainder of title [Պատմվածք] /
Statement of responsibility, etc. Ա. Հայդար; Թարգմ.՝ Մ. Մարտիրոսյան; Նկ.՝ Ռ. Բեդրոսյան.
260 ## - PUBLICATION, DISTRIBUTION, ETC.
Place of publication, distribution, etc. Երևան ; :
Name of publisher, distributor, etc. Հայպետհրատ,
Date of publication, distribution, etc. 1948.
300 ## - PHYSICAL DESCRIPTION
Extent 115 էջ :
Other physical details նկ. ;
Dimensions 22 սմ.
500 ## - GENERAL NOTE
General note Հայդար, Արկադի՝ նույն ինքը Գայդար, Արկադի
650 14 - SUBJECT ADDED ENTRY--TOPICAL TERM
Topical term or geographic name entry element Մանկական գրականություն
650 14 - SUBJECT ADDED ENTRY--TOPICAL TERM
Topical term or geographic name entry element Ռուս գրականություն
700 1# - ADDED ENTRY--PERSONAL NAME
Personal name Մարտիրոսյան, Մ.
Relator term թարգմ.
Relationship trl
9 (RLIN) 8568
Holdings
Withdrawn status Lost status Damaged status Not for loan Collection Home library Current library Date acquired Total checkouts Full call number Barcode Date last seen Cost, replacement price Price effective from Koha item type Public note
        General Fundamental Scientific Library Fundamental Scientific Library 22/12/2016   AII/26148 220026148 22/12/2016 5.00 22/12/2016 Գրքեր / Books 30 Days Loan
        General Fundamental Scientific Library Fundamental Scientific Library 22/12/2016   AII/26149 220026149 22/12/2016 5.00 22/12/2016 Գրքեր / Books 30 Days Loan
        General Fundamental Scientific Library Fundamental Scientific Library 22/12/2016   AII/26150 220026150 22/12/2016 5.00 22/12/2016 Գրքեր / Books 30 Days Loan
        General Fundamental Scientific Library Fundamental Scientific Library 22/12/2016   AII/26151 220026151 22/12/2016 5.00 22/12/2016 Գրքեր / Books 30 Days Loan
        General Fundamental Scientific Library Fundamental Scientific Library 22/12/2016   AII/26152 220026152 22/12/2016 5.00 22/12/2016 Գրքեր / Books 30 Days Loan


ՀՀ ԳԱԱ հիմնարար գիտական գրադարան
ՀՀ,Երևան 0019
Մարշալ Բաղրամյան 24/6
հեռախոս:(374-10) 52-47-50
Հետադարձ կապ

All site content, except where otherwise noted, is licensed under a
Creative Commons License